书目信息 |
| 题名: |
Extensive reading
|
|
| 作者: | 刘乃银 总主编 ;吕洪灵 主编 | |
| 分册: | 2 | |
| 出版信息: | 北京 高等教育出版社 2024.08 |
|
| 页数: | 291页 | |
| 开本: | 28cm | |
| 丛书名: | ||
| 单 册: | ||
| 中图分类: | H319.37 , H319.4 | |
| 科图分类: | ||
| 主题词: | 英语--Ying Yu--阅读--高等学校--教材 | |
| 电子资源: | ||
| ISBN: | 978-7-04-062616-2 | |
| 000 | 01483nam0 2200313 450 | |
| 001 | CAL 012024099014 | |
| 005 | 20250924172804.04 | |
| 010 | @a978-7-04-062616-2@dCNY60.00 | |
| 099 | @aCAL 012024099014 | |
| 100 | @a20240906d2024 em y0chiy0120 ba | |
| 101 | 0 | @aeng@achi |
| 102 | @aCN@b110000 | |
| 105 | @aa z 000yy | |
| 106 | @ar | |
| 200 | 1 | @aExtensive reading@AExtensive Reading@h2@d= 英语泛读教程@h2@f总主编刘乃银@g主编吕洪灵@zchi |
| 205 | @a第4版 | |
| 210 | @a北京@c高等教育出版社@d2024.08 | |
| 215 | @a291页@c图@d28cm | |
| 300 | @a“十二五”普通高等教育本科国家级规划教材 面向21世纪课程教材 新世纪网络课程建设工程项目 | |
| 330 | @a本书共15个单元,单元分为4部分。第一部分为阅读课文及练习,练习包括判断课文中心思想、阅读理解、课堂讨论题和词汇练习;第二部分为阅读技巧,系统介绍阅读技巧,并配有相应的练习;第三部分为快速阅读练习,提供3篇短文,要求在规定的时间内完成;第四部分为课外阅读,提供与课文长度相当的语言材料,配有阅读理解题和思考题。第四版在第三版的基础上,收入反映近年来社会进步和技术发展的文章,根据难易程度调整了单元顺序,对文章和练习进行了优化设计,融入中华优秀文化元素,通过二维码内嵌线上学习链接,更适合教和学的需求。 | |
| 510 | 1 | @a英语泛读教程@h2@zchi |
| 606 | 0 | @a英语@AYing Yu@x阅读@x高等学校@j教材 |
| 690 | @aH319.37@v5 | |
| 690 | @aH319.4@v5 | |
| 701 | 0 | @a刘乃银@ALiu Nai Yin@4总主编 |
| 702 | 0 | @a吕洪灵@ALu^ Hong Ling@4主编 |
| 801 | 0 | @aCN@c20250919 |
| 905 | @a河南城建学院图书馆@dH319.37@eL658:2=4@ZL658:2=4@f1 | |
| 998 | @aBUA | |
| Extensive reading.2= 英语泛读教程.2/总主编刘乃银/主编吕洪灵.-第4版.-北京:高等教育出版社,2024.08 |
| 291页:图;28cm |
| “十二五”普通高等教育本科国家级规划教材 面向21世纪课程教材 新世纪网络课程建设工程项目 |
| ISBN 978-7-04-062616-2:CNY60.00 |
| 本书共15个单元,单元分为4部分。第一部分为阅读课文及练习,练习包括判断课文中心思想、阅读理解、课堂讨论题和词汇练习;第二部分为阅读技巧,系统介绍阅读技巧,并配有相应的练习;第三部分为快速阅读练习,提供3篇短文,要求在规定的时间内完成;第四部分为课外阅读,提供与课文长度相当的语言材料,配有阅读理解题和思考题。第四版在第三版的基础上,收入反映近年来社会进步和技术发展的文章,根据难易程度调整了单元顺序,对文章和练习进行了优化设计,融入中华优秀文化元素,通过二维码内嵌线上学习链接,更适合教和学的需求。 |
| ● |
| 相关链接 |
|
|
|
正题名:Extensive reading
索取号:H319.37/L658:2=4
 
预约/预借
| 序号 | 登录号 | 条形码 | 馆藏地/架位号 | 状态 | 备注 |
| 1 | 1637699 | 216376990 | 语言库209/209语言库 43排4列2层/ [索取号:H319.37/L658:2=4] | 在馆 |